Stavebno-technologický projekt pre stavbu Office Prístavná 1

Enregistré dans:
Détails bibliographiques
Auteur principal: Kňazíková, Bibiána (Auteur)
Autres auteurs: Ellingerová, Helena (Directeur de thèse)
Format: Manuscrit Livre
Langue:slovaque
Publié: 2025
Sujets:
Accès en ligne:http://is.stuba.sk/zp/portal_zp.pl?podrobnosti=184688
CRZP
Tags: Ajouter un tag
Pas de tags, Soyez le premier à ajouter un tag!

MARC

LEADER 00000ntm a22000003a 4500
001 stuzp105117
003 SK-STU
005 20250725111202.7
007 ta
008 150427s2015----xo-----f-mn---000-0-slo-d
040 |a STU  |b slo 
041 0 |a slo 
100 1 |a Kňazíková, Bibiána  |u 010270  |4 aut  |U SvF Stavebná fakulta  |T SvF Katedra technológie stavieb  |X 128148  |U V270  |Y 28  |7 128148 
242 0 1 |a Construction Technology Project: Office Prístavná 1  |y eng 
245 1 0 |a Stavebno-technologický projekt pre stavbu Office Prístavná 1 
260 |c 2025 
650 4 |a construction schedule  |2 eng 
650 4 |a technological project  |2 eng 
650 4 |a construction site equipment  |2 eng 
650 4 |a fire extinguishing system  |2 eng 
650 4 |a stabilné hasiace zariadenie (SHZ)  |2 slo 
650 4 |a harmonogram výstavby  |2 slo 
650 4 |a technologický projekt  |2 slo 
650 4 |a rozpočtové ukazovatele  |2 slo 
700 1 |a Ellingerová, Helena  |u 010270  |k Z1  |4 ths  |U SvF Stavebná fakulta  |T SvF Katedra technológie stavieb  |X 925  |U V270  |Y 28  |7 A000000925 
856 4 |u http://is.stuba.sk/zp/portal_zp.pl?podrobnosti=184688 
856 4 |u https://opac.crzp.sk/?fn=detailBiblioForm&sid=226A7A544DA3649F675132E9F6D0  |z CRZP